000 01064nam a2200229Ia 4500
003 Ost
005 20260507075129.0
008 260507s9999||||xx |||||||||||||| ||und||
020 _a5567249960
040 _cfsecg
041 _aara
082 _a330
100 _aأكيوز، يلماظ
_eمؤلف
245 0 _aالدول النامية والتجارة العالمية :
_bالأداء والأفاق المستقبلية /
_c يلماظ أكيوز
260 _aالرياض:
_bدار المريخ للنشر,
_c2006
300 _a217 صفحة؛
_bإيضاحات ؛
_c24 سم
520 _aديناميكية الصادرات والتصنيع في الدول النامية- المنافسة والوهم المتعلق بهيكل الصادرات- نظام الصين الى منظمة التجارة العالمية- إدارة الإندماج والتصنيع.
653 _aالتجارة العالمية
653 _aالدول النامية
700 _aالسيد، أحمد عبد الخالق
_eمؤلف ثانوي
942 _cكتاب
999 _c43192
_d43192